LEADER 00996nam a2200229 i 4500 001 000000053169 003 CaOOAMICUS 005 20120831000000.0 008 120831s1955 xx u000 u spa u 013 $a24341 040 $aSeMil$bita 100 1 $aEcheverria, Lamberto : de.$0(OLS)http://semarc/name/22486 245 13$aEl matrimonio en el Derecho canónico particular posterior al Código /$cLamberto de Echeverria. 260 $a[Vitoria] :$bSeminario de Vitoria,$c1955. 300 $a419 p. ;$c24 cm. 490 0 $aVictoriensia ;$v3. 650 4$aMatrimonio - Diritto canonico.$0(OLS)http://semarc/subject/1701 830 0$aVictoriensia ;$v3.$0(OLS)http://semarc/title/334 850 $aSeMil 852 $aSeMil$W1$xVenegono$y1$m2H III 156$j19323$B19323$CSeMilBibl$Z2$F19325 $81 996 $6245$aEl matrimonio en el Derecho canónico particular posterior al Código$9(OLS)http://semarc/title/81849 996 $6260$a[Vitoria] :$bSeminario de Vitoria$9(OLS)http://semarc/publisher/30731 LEADER 00943nam a2200205 i 4500 001 000000074532 003 CaOOAMICUS 005 20070510000000.0 008 070510s1962 it u000 u ita u 013 $a45704 040 $aSeMil$bita 100 1 $aBerzero, Giorgio.$0(OLS)http://semarc/name/36894 245 10$aMezzo secolo di elzeviri :$bantologia della vita letteraria ed artistica del novecento /$cGiorgio Berzero, Terenzio Sarasso. 260 $aTorino :$bSocietą Editrice Internazionale,$c1962. 300 $a323 p. :$bill. ;$c24 cm. 700 1 $aSarasso, Terenzio.$0(OLS)http://semarc/name/36895 850 $aSeMil 852 $aSeMil$W1$xVenegono$y1$m1D II 22$j40684$B40684$CSeMilBibl$Z2$F40688 $81 996 $6245$aMezzo secolo di elzeviri :$bantologia della vita letteraria ed artistica del novecento$9(OLS)http://semarc/title/120863 996 $6260$aTorino :$bSocietą Editrice Internazionale$9(OLS)http://semarc/publisher/29847